Catálogo
 En Linea

Espasmos en la noche / (Registro nro. 45181)

Detalles MARC
000 -CABECERA
campo de control de longitud fija 01719nam a2200229 a 4500
001 - NÚMERO DE CONTROL
campo de control 000045692
005 - FECHA Y HORA DE LA ÚLTIMA TRANSACCIÓN
campo de control 20240412074304.0
008 - DATOS DE LONGITUD FIJA--INFORMACIÓN GENERAL
campo de control de longitud fija 150428s2010 dr 000 p spa d
020 ## - NÚMERO INTERNACIONAL ESTÁNDAR DEL LIBRO
Número Internacional Estándar del Libro 9789945002683
040 ## - FUENTE DE LA CATALOGACIÓN
Centro catalogador/agencia de origen DO-SdBNP
Lengua de catalogación spa
Centro/agencia transcriptor BNPHU
082 ## - NÚMERO DE LA CLASIFICACIÓN DECIMAL DEWEY
Número de clasificación RD861.44
Número de documento/Ítem M878e, 2010
100 1# - ENTRADA PRINCIPAL--NOMBRE DE PERSONA
Nombre de persona Morrison, Mateo,
Fechas asociadas al nombre 1947-
9 (RLIN) 1469
245 10 - MENCIÓN DE TÍTULO
Título Espasmos en la noche /
Mención de responsabilidad, etc. Mateo Morrison.
250 ## - MENCIÓN DE EDICIÓN
Mención de edición 3a ed. ampliada
260 ## - PUBLICACIÓN, DISTRIBUCIÓN, ETC.
Lugar de publicación, distribución, etc. Santo Domingo :
Nombre del editor, distribuidor, etc. Búho,
Fecha de publicación, distribución, etc. 2010.
300 ## - DESCRIPCIÓN FÍSICA
Extensión 51 p. ;
Dimensiones 22 cm.
505 0# - NOTA DE CONTENIDO CON FORMATO
Nota de contenido con formato Mateo Morrison. La poesía como experiencia vivida. Palabras de Enrique Eusebio en la presentación de la primera edición del libro Espasmos en la noche --
Título Espasmos en la noche de Mateo Morrison. Palabras de Tomás Modesto Galán en la presentación de la tercera edición del libro Espasmos en la noche --
-- Espasmos en la noche 1 --
-- La cámara me observa --
-- Los ejercicios --
-- Decálogo reflexivo --
-- Ecología --
-- Inmadurez --
-- Elementos para un dibujo --
-- Dormitando en la avenida --
-- Reunión de máscaras --
-- Búsqueda --
-- Retornar a tu vientre --
-- Preocupaciones por los huesos --
-- Egbert --
-- Nada más
-- Los sobrevivientes --
-- De amores derruidos --
-- Primer sueño --
-- Los dos mares --
-- La música en tu cuerpo --
-- Los ángeles de Mieses --
-- Almuerzo de estrellas --
-- En la esquina del viento --
-- Otro homenaje --
-- Colores de la muerte --
-- Un imán en la sombra --
-- La mujer que se viste --
-- Cuando nací --
-- La mujer que se viste --
-- Este aposento --
-- Los sonido que alientan --
-- La timidez me impidió ver tus senos cuando nacián.
586 ## - NOTA DE PREMIOS
Nota de premios Premio Nacional de Literatura 2010
650 #0 - PUNTO DE ACCESO ADICIONAL DE MATERIA--TÉRMINO DE MATERIA
Término de materia o nombre geográfico como elemento de entrada Poesía dominicana
9 (RLIN) 66
650 #0 - PUNTO DE ACCESO ADICIONAL DE MATERIA--TÉRMINO DE MATERIA
Término de materia o nombre geográfico como elemento de entrada Literatura dominicana.
9 (RLIN) 67
910 ## - DATOS DE OPCIÓN DEL USUARIO (OCLC)
Datos de opción del usuario Validado. Control de calidad MFF
Existencias
Estado de retiro Estado de pérdida Fuente del sistema de clasificación o colocación No para préstamo Código de colección Localización permanente Ubicación/localización actual Ubicación en estantería Fecha de adquisición Número de inventario Total de préstamos Signatura topográfica completa Código de barras Fecha visto por última vez Precio válido a partir de Tipo de ítem Koha
    Dewey Decimal Classification Excluido de préstamo Patrimonio Dominicano Biblioteca Nacional Pedro Henríquez Ureña Biblioteca Nacional Pedro Henríquez Ureña Depósito 28.04.2015 LF1   RD861.44 M878e, 2010 45692-10 25.06.2020 25.06.2020 Libro y Folleto Colección Patrimonio Dominicano

Con tecnología Koha